| 000 | 00914nam a22002177a 4500 | ||
|---|---|---|---|
| 003 | OSt | ||
| 005 | 20200916110822.0 | ||
| 008 | 200916s2008 ck ao||gr|||| 00| 0 spa d | ||
| 040 |
_aCO-JMCR _cCO-JMCR |
||
| 041 | _aspa | ||
| 082 | 0 | 4 |
_aP / _bENEe _223 |
| 245 | 0 |
_aEnergía para el alma : _bantología poética selección época / |
|
| 250 | _aPrimera edición | ||
| 260 |
_aFlorencia : _bÉpoca, _c2008. |
||
| 300 |
_a172 páginas : _bfotografías a blanco y negro ; _c22 cm. |
||
| 520 | 0 | _a"Sentir los aromas silvestres del rocío, exóticos murmullos penetrantes de los ríos... un misterioso zumbido acaricia la selva, maliciosas y tiernas arboledas, con picardía sonreían las piedras, carcajadas espontáneas de cascadas. | |
| 650 | 2 | 4 |
_aPoesía _zColombia _910265 |
| 650 | 2 | 4 |
_aAntología _vpoesía _yColombia _910266 |
| 650 | 2 | 4 |
_aAutores colombianos _xpoesía _zColombia _910267 |
| 942 |
_2ddc _cBK |
||
| 999 |
_c6849 _d6849 |
||